|
|
|
|
| LEADER |
00887nab a2200229 i 4500 |
| 001 |
misc67935 |
| 005 |
20230220155621.0 |
| 008 |
230104s2009 hu o 0|| fre d |
| 040 |
|
|
|a SZTE Miscellanea Repozitórium
|b hun
|
| 041 |
|
|
|a fre
|
| 100 |
1 |
|
|a Skilling Peter
|
| 245 |
1 |
0 |
|a Introduction
|h [elektronikus dokumentum] :
|b la vie du Bouddha de Phanigiri /
|c Skilling Peter
|
| 260 |
|
|
|c 2009
|
| 300 |
|
|
|a 10-57
|c 30 cm
|
| 300 |
|
|
|a [48] p.
|c 30 cm
|
| 490 |
0 |
|
|a Images et imagination : le bouddhisme en Asie : conférences Iéna, 2007-2008, art, archéologie et anthropologie de l'Asie / éd. Peter Skilling
|
| 561 |
|
|
|a Németh Gyula hagyaték
|
| 591 |
|
|
|a OA 6665
|
| 650 |
|
4 |
|a Bölcsészettudományok
|
| 650 |
|
4 |
|a Történettudomány és régészet
|
| 695 |
|
|
|a Buddha, Buddhizmus története - India
|
| 856 |
4 |
0 |
|u http://misc.bibl.u-szeged.hu/67935/1/6665_oa.pdf
|z Dokumentum-elérés
|